000 00721nam a22002417a 4500
005 20170124110100.0
010 _a985696
020 _c45.00
035 _a985696
037 _bCen Lib/Ret
040 _aDPL
_bEN
082 _a954.7
_bMUK
100 _aMukhtar Zaman
_927051
245 _aStudent's role in the Pakistan movement /
_cby Mukhtar Zaman
260 _bQuaid-I-Azam Academy
_aPakistan
_c1978
270 _aP.O.Box 894
_bKarachi
300 _axiii,242p.
_c21cm(Hb)
490 _aHistorical studies Pakistan - 1
500 _aIncludes index
650 _aPakistan movement
_9104372
650 _aMuslim students -- Political activity -- India
_927053
942 _2ddc
_cEN
_h954.7
_mMUK
999 _c129660
_d129660